Metodické kroky při tvorbě investičního marketingu

Podstata investičného marketingu. Náplň jeho činnosti - zostavenie nového výrobného programu, ktorý má novú kvalitu. Postup tvorby metodiky investičného marketingu (model matice).

Guardado en:
Detalles Bibliográficos
Autor principal: Kubík, J.
Formato: Capítulo de libro
Lenguaje:checo
Materias:
Etiquetas: Agregar Etiqueta
Sin Etiquetas, Sea el primero en etiquetar este registro!

MARC

LEADER 00000naa a2200000 4500
001 r024734
005 20221205080206.4
041 0 |a cze 
044 |a CZ 
245 1 0 |a Metodické kroky při tvorbě investičního marketingu  |c J. Kubík 
520 |a Podstata investičného marketingu. Náplň jeho činnosti - zostavenie nového výrobného programu, ktorý má novú kvalitu. Postup tvorby metodiky investičného marketingu (model matice). 
610 2 0 |a marketing 
610 2 0 |a investície 
610 2 0 |a programy výrobné 
610 2 0 |a modely maticové 
610 2 0 |a inovácia 
610 2 0 |a metodika 
100 1 |a Kubík, J.